<?xml version="1.0" encoding="UTF-8"?>
<record
    xmlns:xsi="http://www.w3.org/2001/XMLSchema-instance"
    xsi:schemaLocation="http://www.loc.gov/MARC21/slim http://www.loc.gov/standards/marcxml/schema/MARC21slim.xsd"
    xmlns="http://www.loc.gov/MARC21/slim">

  <leader>01687nam a22001937a 4500</leader>
  <controlfield tag="003">OSt</controlfield>
  <controlfield tag="005">20220301101412.0</controlfield>
  <controlfield tag="008">181129b        xxu||||| |||| 00| 0 eng d</controlfield>
  <datafield tag="020" ind1=" " ind2=" ">
    <subfield code="a">00419605</subfield>
  </datafield>
  <datafield tag="040" ind1=" " ind2=" ">
    <subfield code="c">DLC</subfield>
  </datafield>
  <datafield tag="050" ind1=" " ind2=" ">
    <subfield code="a">REF</subfield>
  </datafield>
  <datafield tag="245" ind1=" " ind2=" ">
    <subfield code="a">University of Ghana law journal. /</subfield>
    <subfield code="c">edited by Nii Ashie Kotey.</subfield>
  </datafield>
  <datafield tag="250" ind1=" " ind2=" ">
    <subfield code="a">Volume 28.</subfield>
  </datafield>
  <datafield tag="260" ind1=" " ind2=" ">
    <subfield code="a">Accra :</subfield>
    <subfield code="b">University of Ghana School of Law,</subfield>
    <subfield code="c">2015.</subfield>
  </datafield>
  <datafield tag="300" ind1=" " ind2=" ">
    <subfield code="a">265 p :</subfield>
    <subfield code="c">23 cm.</subfield>
  </datafield>
  <datafield tag="505" ind1=" " ind2=" ">
    <subfield code="a">Contents : O, the difference that a word makes! - remaking the laws of Ghana by the statue law revision process - Henrietta J.A.N. Mensa-Bonsu -- Redefining nuclear safety using an integrative concentric paradigm for effective nuclear power regulation - Samuel Obeng Manteaw -- The battle between consent and the principle of competence - competence in investment arbitration - Rose Rameau -- Overview of the institutional framework for the management of oil and gas industry in Ghana - Kweku Ainuson -- The doctrine of soverign immunity in international law: the "Ara Libertad'' case (Argentina v. Ghana) - George A. Sarpong and Emmanuel Yaw Benneh -- In their name and for their welfare: rethinking Ghana's constitutional provisions for the natural resource sector in the light of Ghana's upstream petroleum industry - Thomas Kojo Stephens -- Double taxation agreements in Ghana: domestic law and international law perspectives - Kwame Adjei-Djan -- Positioning academic freedom in the discourse on the revitalisation of higher education in Africa - Kwadwo Appiagyei-Atua.                                                                                                                    </subfield>
  </datafield>
  <datafield tag="700" ind1=" " ind2=" ">
    <subfield code="a">Kotey, Nii Ashie.</subfield>
  </datafield>
  <datafield tag="942" ind1=" " ind2=" ">
    <subfield code="2">lcc</subfield>
    <subfield code="c">BK</subfield>
  </datafield>
  <datafield tag="999" ind1=" " ind2=" ">
    <subfield code="c">6772</subfield>
    <subfield code="d">14272</subfield>
  </datafield>
  <datafield tag="952" ind1=" " ind2=" ">
    <subfield code="0">0</subfield>
    <subfield code="1">0</subfield>
    <subfield code="2">lcc</subfield>
    <subfield code="4">0</subfield>
    <subfield code="7">0</subfield>
    <subfield code="a">WIUC-1</subfield>
    <subfield code="b">WIUC-1</subfield>
    <subfield code="c">LL</subfield>
    <subfield code="d">2018-11-29</subfield>
    <subfield code="o">REF</subfield>
    <subfield code="p">2644/185/18</subfield>
    <subfield code="r">2018-11-29 00:00:00</subfield>
    <subfield code="t">1</subfield>
    <subfield code="w">2018-11-29</subfield>
    <subfield code="y">BK</subfield>
  </datafield>
  <datafield tag="952" ind1=" " ind2=" ">
    <subfield code="0">0</subfield>
    <subfield code="1">0</subfield>
    <subfield code="2">lcc</subfield>
    <subfield code="4">0</subfield>
    <subfield code="7">0</subfield>
    <subfield code="8">NFIC</subfield>
    <subfield code="a">WIUC-1</subfield>
    <subfield code="b">WIUC-1</subfield>
    <subfield code="c">LL</subfield>
    <subfield code="d">2022-02-28</subfield>
    <subfield code="o">REF</subfield>
    <subfield code="p">2796/012/22</subfield>
    <subfield code="r">2022-02-28 00:00:00</subfield>
    <subfield code="t">3</subfield>
    <subfield code="w">2022-02-28</subfield>
    <subfield code="y">BK</subfield>
  </datafield>
  <datafield tag="952" ind1=" " ind2=" ">
    <subfield code="0">0</subfield>
    <subfield code="1">0</subfield>
    <subfield code="2">lcc</subfield>
    <subfield code="4">0</subfield>
    <subfield code="7">0</subfield>
    <subfield code="8">NFIC</subfield>
    <subfield code="a">WIUC-1</subfield>
    <subfield code="b">WIUC-1</subfield>
    <subfield code="c">LL</subfield>
    <subfield code="d">2022-02-28</subfield>
    <subfield code="o">REF</subfield>
    <subfield code="p">2795/011/22</subfield>
    <subfield code="r">2022-02-28 00:00:00</subfield>
    <subfield code="t">2</subfield>
    <subfield code="w">2022-02-28</subfield>
    <subfield code="y">BK</subfield>
  </datafield>
</record>
